Statistics for Traduction en-fr: the months of year/ les mois de l’année

Click here to take the quiz!

General Stats

  • This quiz has been taken 105 times
  • The average score is 11 of 12

Answer Stats

Mois en en/ Months in enMois en fr/ Month in fr% Correct
JuneJuin
100%
MayMai
100%
MarchMars
100%
AprilAvril
98%
AugustAoût
96%
FebruaryFévrier
96%
JanuaryJanvier
96%
JulyJuillet
96%
NovemberNovembre
90%
SeptemberSeptembre
90%
DecemberDécembre
88%
OctoberOctobre
88%

Score Distribution

Percentile by Number Answered

Percent of People with Each Score

Your Score History

You have not taken this quiz